| 000 | 00897nam a2200241 i 4500 | ||
|---|---|---|---|
| 001 | bg | ||
| 245 | 0 | 0 |
_aNous apprenons le polonais : _bméthode de polonais pour débutants. _n2, _pExplications grammaticales exercices / _cBarbara Bartnicka [et al.] ; version française réalisée par Ludomir Przestaszewski. |
| 250 | _aWyd. 3. | ||
| 260 |
_aWarszawa : _b"Wiedza Powszechna", _c2003. |
||
| 300 |
_a300, [1] s. ; _c21 cm. |
||
| 650 | 9 | _aJęzyk polski | |
| 655 | _aPodręczniki | ||
| 700 | 1 |
_aBARTNICKA-DĄBKOWSKA, Barbara _d(1927- ) |
|
| 700 | 1 |
_aPRZESTASZEWSKI, Ludomir _d(1925- ). _eTł. |
|
| 020 | _a8321409660 (2 t.) | ||
| 040 | _cBPK | ||
| 041 | 0 | _afrepol | |
| 080 | _a811.162.1(07) | ||
| 920 | _a83-214-0966-0 (2 t.) | ||
| 942 | _cKS | ||
| 008 | s pl f |000 0 pol | ||
| 999 |
_c43652 _d43652 |
||
| 856 |
_uhttp://koha.tu.koszalin.pl/cgi-bin/koha/opac-detail.pl?biblionumber=43652 _yKatalog online BPK |
||